Spokojnosť absolventov s aspektmi práce

Prezentácia výsledkov prieskumu EUROGRADUATE spokojnosti absolventov s aspektmi práce. Rozdielnosti podľa pohlavia, kraja a iných kritérií.

Guardado en:
Detalles Bibliográficos
Autor principal: Runa, Tomáš
Formato: Capítulo de libro
Lenguaje:eslovaco
Materias:
Etiquetas: Agregar Etiqueta
Sin Etiquetas, Sea el primero en etiquetar este registro!

MARC

LEADER 00000naa a2200000 4500
001 0297934
005 20240417075258.6
041 0 |a slo 
044 |a SK 
245 1 0 |a Spokojnosť absolventov s aspektmi práce  |c Tomáš Runa 
520 |a Prezentácia výsledkov prieskumu EUROGRADUATE spokojnosti absolventov s aspektmi práce. Rozdielnosti podľa pohlavia, kraja a iných kritérií. 
610 2 0 |a absolventi 
610 2 0 |a práca 
610 2 0 |a spokojnosť v práci 
610 2 0 |a rozdiely regionálne 
610 2 0 |a školy vysoké 
610 2 0 |a porovnanie regionálne 
610 2 0 |a porovnanie štatistické 
610 2 0 |a čas pracovný 
610 2 0 |a mzdy 
610 2 0 |a prostredie pracovné 
610 2 0 |a rodina 
100 1 |a Runa, Tomáš